Aprendiendo con Freud : diario de un año, 1912-1913 /
Este es el cuaderno de memorias de Lou Andreas-Salomé escritora y psiconalista rusoalemana sobre sus impresiones no solo sobre los temas tratados en un congreso de psicoanálisis desarrollado durante 1912 en Alemania tales como el consciente, las pulsiones, los símbolos oníricos, la homosexualidad, l...
Bewaard in:
| Hoofdauteur: | |
|---|---|
| Andere auteurs: | |
| Formaat: | Boek |
| Taal: | Spaans |
| Gepubliceerd in: |
Barcelona, España :
Laertes,
2001, c2001
|
| Onderwerpen: | |
| Tags: |
Geen labels, Wees de eerste die dit record labelt!
|
MARC
| LEADER | 00000nam^a2200000^a^4500 | ||
|---|---|---|---|
| 001 | 000154114 | ||
| 005 | 20250521000000.0 | ||
| 009 | 20260310100343.789 | ||
| 020 | |a 84-7584-463-4 | ||
| 037 | |a Acervo ITESO - Biblioteca | ||
| 041 | |a ESP | ||
| 082 | |a 150. 1952 |b AND | ||
| 100 | |a Andreas-Salomé, Lou |e (autor) | ||
| 245 | 1 | 0 | |a Aprendiendo con Freud : |b diario de un año, 1912-1913 / |c L. Andreas-Salomé |
| 264 | 4 | |a Barcelona, España : |b Laertes, |c 2001, c2001 | |
| 336 | |a texto |b txt |2 rdacontenido | ||
| 337 | |a sin mediación |b n |2 rdamedio | ||
| 338 | |a volumen |b nc |2 rdasoporte | ||
| 500 | |a Traducción de: In der Schule bei Freud | ||
| 520 | |a Este es el cuaderno de memorias de Lou Andreas-Salomé escritora y psiconalista rusoalemana sobre sus impresiones no solo sobre los temas tratados en un congreso de psicoanálisis desarrollado durante 1912 en Alemania tales como el consciente, las pulsiones, los símbolos oníricos, la homosexualidad, la magia, así como lo traumas infantiles y las relaciones entre hombres y mujeres, sino también sobre sus propias relaciones personales e intelectuales con personajes de su época, como fue el propio Freud, Rilke y Nietzsche. | ||
| 649 | |a XX | ||
| 650 | |a Psicoanalistas Austríacos | ||
| 650 | |a Escritores Alemanes - |x Memorias | ||
| 650 | |a Mujeres Alemanas - |x Memorias | ||
| 650 | |a Memorias Alemanas | ||
| 650 | |a Psicoanálisis - |x Historia | ||
| 650 | |a Psicología Clínica | ||
| 650 | |a Literatura Alemana - |y Siglo XX | ||
| 650 | |a Alemania - |x Historia - |y 1910-1919 | ||
| 650 | |a Freud, Sigmund | ||
| 700 | |a Pfeiffer, Ernst |e (compilación) | ||
| 910 | |a Fondo General | ||
| 920 | |a Impresos - Libros | ||
| 930 | |a Colección General | ||
| 905 | |a 101 | ||
| 901 | |a 0500086094 |b IT1 |c ACC |u 20250521 | ||
| 902 | |a https://opac.biblio.iteso.mx/vufind/Record/000154114 | ||